| 000 | 01168nam a2200277Ia 4500 | ||
|---|---|---|---|
| 003 | OSt | ||
| 005 | 20221005111608.0 | ||
| 006 | a|||||r|||| 00| 0 | ||
| 007 | ta | ||
| 008 | 221004b |||||||| |||| 00| 0 san d | ||
| 020 | _c200 | ||
| 024 | _a13636 | ||
| 037 |
_b381, 20/03/2014, Eastern Book Linkers _cTextual |
||
| 040 |
_aCRL _cCRL _bsan |
||
| 041 |
_2san _asan |
||
| 082 | _aNA44,2:3(Delta:864), 15Q3 | ||
| 100 | _aझा, भवेन्द्र | ||
| 245 | 0 | _aवास्तुशास्त्रविमर्श | |
| 246 | _aVāstushāstravimarsha | ||
| 260 |
_aनई दिल्ली _bश्री लालबहादुर शास्त्री राष्ट्रिय संस्कृत विद्यापीठ भारत _c2013 |
||
| 300 |
_a198पृ0 _ccm. |
||
| 490 | _aवास्तुशास्त्र अध्ययन माला; षष्ठ पुष्प | ||
| 650 | _aल्थ्ल्त् क्ल्ज्ञ | ||
| 942 |
_hNA44,2:3(Delta:864), 15Q3 _cTEXL _2cc |
||
| 999 |
_c1022290 _d1022290 |
||